<?xml version="1.0" encoding="UTF-8"?>
<collection xmlns="http://www.loc.gov/MARC21/slim">
 <record>
  <leader>00394pamaa2200121   4500</leader>
  <controlfield tag="001">0000028726</controlfield>
  <controlfield tag="005">20101015090000.0</controlfield>
  <datafield tag="020" ind1="0" ind2="0">
   <subfield code="a">9676111384 </subfield>
  </datafield>
  <datafield tag="090" ind1="0" ind2="0">
   <subfield code="a">LA1238 </subfield>
   <subfield code="b">DIR [?]</subfield>
  </datafield>
  <datafield tag="245" ind1="0" ind2="0">
   <subfield code="a">DIRECTORY Of higher education Malaysia.</subfield>
  </datafield>
  <datafield tag="260" ind1="0" ind2="0">
   <subfield code="a">Kuala Lumpur: </subfield>
   <subfield code="b">Utusan Pub. &amp; Distributors Sdn Bhd., </subfield>
   <subfield code="c">20[?].</subfield>
  </datafield>
  <datafield tag="300" ind1=" " ind2=" ">
   <subfield code="a">128p.: </subfield>
   <subfield code="b">ill.col.; </subfield>
   <subfield code="c">28cm.</subfield>
  </datafield>
  <datafield tag="650" ind1="0" ind2="0">
   <subfield code="a">Education, Higher -- </subfield>
   <subfield code="x">Handbooks, manuals, etc -- </subfield>
   <subfield code="z">Malaysia </subfield>
  </datafield>
 </record>
</collection>
